The art of leadership / (Record no. 84)

MARC details
000 -LEADER
fixed length control field 00796nam a22001817a 4500
008 - FIXED-LENGTH DATA ELEMENTS--GENERAL INFORMATION
fixed length control field 110908t xxu||||| |||| 00| 0 eng d
020 ## - INTERNATIONAL STANDARD BOOK NUMBER
International Standard Book Number 0072527897 9780072527896
050 ## - LIBRARY OF CONGRESS CALL NUMBER
Classification number BF637.L4 M26
100 ## - MAIN ENTRY--PERSONAL NAME
Personal name Manning, George
245 ## - TITLE STATEMENT
Title The art of leadership /
Statement of responsibility, etc. George Manning, Kent Curtis
260 ## - PUBLICATION, DISTRIBUTION, ETC.
Place of publication, distribution, etc. Boston, Mass. :
Name of publisher, distributor, etc. McGraw-Hill/Irwin,
Date of publication, distribution, etc. ©2003
300 ## - PHYSICAL DESCRIPTION
Extent xvi, 381 p. :
Other physical details ill. ;
Dimensions 28 cm
500 ## - GENERAL NOTE
General note Includes bibliographical references and index.
505 ## - FORMATTED CONTENTS NOTE
Formatted contents note Contents: Leadership variables -- The Power of vision -- The Importance of ethics -- The Empowerment of people -- Leadership principles -- Multiplying effectiveness -- Developing others -- Performance management -- Conclusion: Challenge and charge
650 ## - SUBJECT ADDED ENTRY--TOPICAL TERM
Topical term or geographic name entry element Leadership.
700 ## - ADDED ENTRY--PERSONAL NAME
Personal name Curtis, Kent,
942 ## - ADDED ENTRY ELEMENTS (KOHA)
Source of classification or shelving scheme Library of Congress Classification
Koha item type Books
Holdings
Withdrawn status Lost status Source of classification or shelving scheme Damaged status Not for loan Home library Current library Shelving location Date acquired Total Checkouts Full call number Barcode Date last seen Copy number Price effective from Koha item type
    Library of Congress Classification     WISCONSIN INTERNATIONAL UNIVERSITY COLLEGE, GHANA - MAIN LIBRARY WISCONSIN INTERNATIONAL UNIVERSITY COLLEGE, GHANA - MAIN LIBRARY General Stacks 08/09/2011   BF637.L4 M26 251/11 08/09/2011 2 08/09/2011 Books
    Library of Congress Classification     WISCONSIN INTERNATIONAL UNIVERSITY COLLEGE, GHANA - MAIN LIBRARY WISCONSIN INTERNATIONAL UNIVERSITY COLLEGE, GHANA - MAIN LIBRARY General Stacks 08/09/2011   BF637.L4 M261 252/11 08/09/2011 2 08/09/2011 Books
    Library of Congress Classification     WISCONSIN INTERNATIONAL UNIVERSITY COLLEGE, GHANA - MAIN LIBRARY WISCONSIN INTERNATIONAL UNIVERSITY COLLEGE, GHANA - MAIN LIBRARY General Stacks 08/09/2011   BF637.L4 M262 253/11 08/09/2011 3 08/09/2011 Books

If you have any concerns or questions; kindly contact the library


© Powered by WIUC ICT DIRECTORATE